00249nam a22000737a 4500008004100000040005500041245003400096260004500130230720b |||||||| |||| 00| 0 eng d aNational Science LibrarycNational Science Library aBiochimica et biophysica acta aLondon: bElesevier Publishing Company,